Catálogo
 En Linea

Amaya Fiat Lux / (Registro nro. 30632)

Detalles MARC
000 -CABECERA
campo de control de longitud fija 00599nam a2200181 a 4500
001 - NÚMERO DE CONTROL
campo de control 000031140
005 - FECHA Y HORA DE LA ÚLTIMA TRANSACCIÓN
campo de control 20200930062729.0
008 - DATOS DE LONGITUD FIJA--INFORMACIÓN GENERAL
campo de control de longitud fija 110614s2009 dr c r 000 | spa d
020 ## - NÚMERO INTERNACIONAL ESTÁNDAR DEL LIBRO
Número Internacional Estándar del Libro 9789945865936
040 ## - FUENTE DE LA CATALOGACIÓN
Centro catalogador/agencia de origen DO-SdBNP
Lengua de catalogación spa
Centro/agencia transcriptor BNPHU
082 ## - NÚMERO DE LA CLASIFICACIÓN DECIMAL DEWEY
Número de clasificación xxxx
Número de documento/Ítem C335a
100 1# - ENTRADA PRINCIPAL--NOMBRE DE PERSONA
Nombre de persona Casanova y Llaca, Fernando
9 (RLIN) 57615
245 10 - MENCIÓN DE TÍTULO
Título Amaya Fiat Lux /
Mención de responsabilidad, etc. Fernando Casanova y Llaca ; traducción y presentación de Bingene Armenteros.
260 ## - PUBLICACIÓN, DISTRIBUCIÓN, ETC.
Lugar de publicación, distribución, etc. Santo Domingo :
Nombre del editor, distribuidor, etc. Arte Berri,
Fecha de publicación, distribución, etc. 2009.
300 ## - DESCRIPCIÓN FÍSICA
Extensión 128 p. :
Otras características físicas retrs. ;
Dimensiones 23 cm.
590 ## - NOTA LOCAL (RLIN)
Nota local Inventariado, 2019/BT
700 1# - PUNTO DE ACCESO ADICIONAL--NOMBRE DE PERSONA
Nombre de persona Armenteros, Bingene,
Término indicativo de función/relación tr.
9 (RLIN) 57616
Existencias
Estado de retiro Estado de pérdida No para préstamo Código de colección Localización permanente Ubicación/localización actual Ubicación en estantería Fecha de adquisición Número de inventario Total de préstamos Signatura topográfica completa Código de barras Fecha visto por última vez Precio válido a partir de Tipo de ítem Koha Nota pública Número de copia
    Excluido de préstamo Patrimonio Dominicano Patrimonio Dominicano Patrimonio Dominicano Depósito 14.06.2011 LF1   xxxx C335a 31140-10 25.06.2020 25.06.2020 Libro y Folleto Colección Patrimonio Dominicano Perteneció a la biblioteca personal de Alfonso Quiñones.  
  Extraviado Excluido de préstamo Patrimonio Dominicano Patrimonio Dominicano Patrimonio Dominicano Extraviado 11.02.2014 LF1   xxxx C335a 31140-20 25.06.2020 25.06.2020 Libro y Folleto Colección Patrimonio Dominicano   e. 2

Con tecnología Koha